| 000 | 00829cam a2200277 4500 | ||
|---|---|---|---|
| 001 | J2534 | ||
| 008 | 090401t1994 xxu||||| |||| 00| 0 eng d | ||
| 035 | _a(Sirsi) u49672 | ||
| 041 | _aeng | ||
| 050 | _a333.332 | ||
| 100 | _aCrawford, David | ||
| 245 | _aValuing the valuers: the changing relationships between the banking community and valuers. | ||
| 260 |
_aLondon _bEdwin Hill _c1994 |
||
| 300 | _a8p. ; 30cm. | ||
| 350 | _a0 | ||
| 490 | _aEdwin Hill Report | ||
| 520 | _aBased on a survey carried out by Wedgwood Markham Market Research for the Chartered Surveyors Edwin Hill. | ||
| 650 | _aBANKS | ||
| 650 | _aPROPERTY-COMMERCIAL PROPERTY | ||
| 650 | _aPROPERTY LENDING | ||
| 650 |
_aValuation _96273 |
||
| 690 | _aRATING AND VALUATION | ||
| 710 |
_aEdwin Hill _9678 |
||
| 942 | _n0 | ||
| 948 | _c04/03/1997 | ||
| 999 |
_c92587 _d92587 |
||